| 000 | 00349nam a22001337a 4500 | ||
|---|---|---|---|
| 008 | 171031b xxu||||| |||| 00| 0 eng d | ||
| 020 | _a9780324200669 | ||
| 041 | _aeng | ||
| 080 |
_23 ED _a33 |
||
| 100 | _a58 | ||
| 101 | _aBUS | ||
| 245 |
_aBUSINESS PROFESIONAL ETHICS FOR DIRECTORS EXECUTIVES ACCOUNTANTS _cBROOKS.L.J |
||
| 942 |
_2udc _cBK |
||
| 999 |
_c36761 _d36761 |
||